| Поле | Название | Значение |
| |
Тип записи |
a |
| |
Библиографический уровень |
m |
| 001 |
Контрольный номер |
b99966caf0f7421fb47942b48b4fd12f |
| 005 |
Дата корректировки |
20140605142706.4 |
| 010 |
Индекс ISBN |
__ |
| a |
ISBN |
5-85652-078-5 |
| 010 |
Индекс ISBN |
__ |
| a |
ISBN |
5-88283-070-2 |
| 200 |
Заглавие и сведения об ответственности |
1_ |
| a |
Заглавие |
Библиотечно-библиографическая реклама |
| e |
Сведения, относящиеся к заглавию |
Учеб.-практ.пособие |
| f |
Первые сведения об ответственности |
Рос.библ.ассоц.Орлов.гос.ун-т культуры и искусств.Рос.гос.б-ка |
| 210 |
Выходные данные |
1_ |
| c |
Издательство |
Профиздат: МГУКИ |
| a |
Место издания |
М. |
| d |
Дата издания |
2002 |
| 215 |
Физическое описание |
__ |
| a |
Объем |
223 с. |
| 225 |
Серия |
2_ |
| a |
Серия |
Современная библиотека;Вып.22 |
| 300 |
Общие примечания |
__ |
| a |
Общие примечания |
1экз. |
| 300 |
Общие примечания |
__ |
| a |
Общие примечания |
гриф МО |
| 610 |
Ключевые слова |
0_ |
| a |
Ключевые слова |
библиотека |
| 610 |
Ключевые слова |
0_ |
| a |
Ключевые слова |
библиография |
| 610 |
Ключевые слова |
0_ |
| a |
Ключевые слова |
реклама |
| 610 |
Ключевые слова |
0_ |
| a |
Ключевые слова |
учебно-практическое пособие |
| 610 |
Ключевые слова |
0_ |
| a |
Ключевые слова |
гриф МО |
| 686 |
Индексы других классификаций |
__ |
| a |
Классификационный индекс |
78 |
| 2 |
Код системы |
rubbk |
| 686 |
Индексы других классификаций |
__ |
| a |
Классификационный индекс |
78.38 |
| 2 |
Код системы |
rubbk |
| 700 |
Автор |
_1 |
| a |
Фамилия |
Борисова Ольга Олеговна |
| 801 |
Источник записи |
_0 |
| a |
Страна |
RU |
| b |
Организация |
РУК |
| c |
Дата составления |
20030616 |
| g |
Правила каталогизации |
PSBO |
| 801 |
Источник записи |
_1 |
| a |
Страна |
RU |
| b |
Организация |
РУК |
| c |
Дата составления |
20030616 |
| g |
Правила каталогизации |
PSBO |
| 852 |
Данные о местонахождении |
__ |
| i |
Авторский знак |
Б82 |
| j |
Шифр хранения |
ББК 78 |
| 901 |
Тип документа |
__ |
| t |
Тип документа |
m |
| 938 |
Служебная информация |
__ |
| a |
Название организации |
Головной вуз |
| b |
Имя БД |
BOOK |
| c |
Название АИБС |
АИБС ИРБИС |
| 952 |
Тип литературы |
__ |
| b |
Гриф литературы для ВШ |
гриф МО |